MDQL
is popping MORE tags! Check the
thread
!
Quizzes
Events
Quiz Creation
Community
Videos
Private Events
Remove Ads
Sign In
Join for FREE
Feedback
Dark Mode
Quiz Categories
Sports
Geography
Music
Movies
Television
Just For Fun
Miscellaneous
History
Literature
Language
Science
Gaming
Entertainment
Religion
Holiday
For Kids
Quiz Lab
Recent
Popular Today
Quiz Kudos Today
Editor Picks
Curator Picks
Quizzes by...
Day
Popularity
Type
Ratings
Length
Year
Community
Subscriptions
Recent Discussions
Orange Saloon
Badges
Playlists
Quests
Create
Leaderboards
Showdown
Live 5
Trivia Bingo
Activity
Puzzle Library
Sporcle Events
Private Events
Virtual Trivia
Globe League
Become a Host
Pub Owners
SporcleCon
Opinionation
Our Games
Videos
Blog
Mobile Apps
Partnerships
Remove Ads and Go Orange
Feedback
Science
Computer
Plants
Astronomy
Chemistry
Elements
Math
Animal
Physics
Anatomy
Biology
Geology
General Science
Science
Computer
Plants
Astronomy
Chemistry
Elements
Math
Animal
Physics
Anatomy
Biology
Geology
General Science
Random Quiz
Search Sporcle
×
Quiz Lab
Quiz Lab
Science
molecular
Type in answers that appear in a list
Type in answers that appear in a list
Classic
Best Score? Go Orange.
Molecular Bio Nucleic Acids Quiz! Stats
Can you name the Molecular Bio Nucleic Acids Quiz!?
By
AKirch4
15m
25 Questions
99 Plays
99 Plays
99 Plays
Comments
Comments
Give Quiz Kudos
Give Quiz Kudos
-
- Ratings
hide this ad
Replay
Link that replays current quiz
Next Quiz
Link to next quiz in quiz playlist
You Got
0%
They Got
Avg Score
9%
Avg Friend Score
Upgrade to see
Score Distribution
Jump to the score distribution portion of the page
Score
0/25
Timer
15:00
0
Plays Today
Question
Answer
% Correct
What provides directions for its own replication?
DNA
40.4%
True or False: DNA cannot bend on its axis.
False
38.4%
Nucleotide =
Nucleoside + Phosphate
35.4%
True or false: DNA controls protein synthesis
True
33.3%
Which has larger grooves (more space for damaging enzymes): DNA or RNA?
RNA
25.3%
How many rings does Purines have?
2
15.2%
High temperature, low ion concentration, formamide and urea, low pH or high pH are factors that aid in?
Denaturation
13.1%
How many rings does Pyrimidines have?
1
11.1%
What is the temperature at which half the bases in double stranded DNA in a sample is denatured?
Melting temperature
9.1%
What holds phosphate and sugar together?
Phosphodiester bonds
5.1%
Nucleosides in RNA =
Adenosine, Guanosine, Cytidine, Uridine
2%
What is it when there is a sudden increase in temperature when double stranded DNA becomes single stranded DNA and bases can absorb more UV light?
Hyperchromicity
2%
RNA Primary Structure?
Sequence
2%
Question
Answer
% Correct
Enzyme that breaks/
nicks and ligates in the phosphodiester bond in both strands of DNA is?
Topoisomerase II
2%
Nucleosides in DNA =
Deoxyadenosin, Deoxyguanosine, Deoxycytidine, Deoxythymidine
1%
Nucleotides in RNA =
Adenylate, Guanylate, Cytidylate, Uridylate
1%
Nucleotides in DNA =
Deoxyadenylate, Deoxyguanylate, Deoxycytidylate, Deoxythymidylate
1%
B DNA means
normal in cells, right handed
1%
Z DNA menas
short nucleotide, especially alternating Gs and Cs, left handed, may occur in cells
1%
A DNA
laboratory condition when crystallized, wider and shorter, base pairs tilted
1%
Torsional stress in circular DNA:
DNA twists back on itself
1%
RNA secondary structure?
Hairpin, double-helical stem loop region
1%
What is the RNA protein complex with RNA functioning as an enzyme?
Ribozymes
1%
What makes RNA less stable than DNA?
2 OH group on ribose
1%
What is the backbone of repeating pentose phosphate units with purine/
pyrimidine side groups?
Nucleic Acid Strands
1%
Quiz Playlist
Details
Report
Send in Message
Add To Playlist
Classic:
Type in answers that appear in a list
Last Updated: Feb 16, 2017
Quiz Scoreboard
CHALLENGE
Sign Up to Join the Scoreboard
Show All
Scores
Hide
Comments
May contain spoilers
Recently Published
Image Sorting: Flags VI
by Barbecue
Geography
2m
Find the 'City' Movie
by crazypaving
Movies
60s
Colored Red Africa Blitz
by spor1
Geography
45s
More to Explore
Quiz From the Vault
Featured Blog Post
14 Easter Pick-up Lines to Find Eggs With
hide this ad
You Might Also Like...
Tags
Acid
molecular
Today's Top Quizzes in Science
Browse Science
hide this ad
Top Contributed Quizzes in Science
1
Windmill: Elements
2
200 Vogels in Nederland
3
Square Numbers Scrambled (1-50)
4
Count to 60
5
Glycolysis
6
Elements In Images
7
17 TIMES TABLE
8
4-letter Elementary Words III
9
The First 100 Digits of Pi
10
Astronomy Spelling Bee
Explore More
Trending Topics
Kpop
Crossword
Disney
Anime
NBA
Marvel
Harry Potter
WWE
The Office
Song
NFL
Puzzle
Soccer
Country
Pokémon
hide this ad
More By:
AKirch4
Quiz
Plays
Rating
Category
Featured
Created
Tampa Bay Buccaneers
161
1.00
Sports
Jan 4, 2011
Henry VIII and Wolsey.
132
History
Oct 29, 2011
Molecular Bio Nucleic Acids Quiz!
99
Science
Oct 12, 2011
Edward VI and Protestantism
85
History
Oct 31, 2011
Henry VIII's Dilemma and Divorce and Schism
84
History
Oct 30, 2011
Go to Creator's Profile
Score Distribution
Quiz Creator Spotlight
AKirch4
Follow
Send a Message
Quizzes Created
-
Created Quiz Play Count
-
More By This Creator
Popular Quizzes Today
1
Colored Red Africa Blitz
2
Find the US States - No Outlines Minefield
3
Find the 'City' Movie
4
5x2 Blitz: Bands
5
The Countries of the World
6
Find the US States
7
Find the Countries of Europe - No Outlines Minefield
8
US States
More Science Quizzes
Vowel-less Animals
Published
Trending Quizzes
Colored Red Europe Blitz I
Colored Red Europe Blitz II
Colored Red Africa Blitz II
Colored Red Europe Blitz III
Colored Red Africa Blitz III
Recently Updated
How Do You Spell That?
pecheneg
Godzilla Movies
pecheneg
Grab Bag: 4-10 Letters
pecheneg
2024 March Madness Bracket
pecheneg
Famous TV Couples
Peacemaker
Champions League XIs: Real Madrid
pecheneg
Largest US Cities 1790-2010
pecheneg
Rides in Walt Disney World
pecheneg
Most Oscar Losses (Acting)
pecheneg
Beyoncé Albums
pecheneg
Trending Topics
NBA
Anime
Crossword
Marvel
Disney
Kpop
Harry Potter
WWE
The Office
NFL
Song
Soccer
Country
Puzzle
Pokémon
Your Account Isn't Verified!
In order to create a playlist on Sporcle, you need to verify the email address you used during registration. Go to your
Sporcle Settings
to finish the process.
Report this User
Report this user for behavior that violates our
Community Guidelines
.
Details:
Send Report
Go to the Sporcle.com Mobile Site →
Comments